|
|
|
|
| LEADER |
00000cam a2200000 a 4500 |
| 001 |
vtls001116929 |
| 003 |
SK-MaSNL |
| 005 |
20260301153616.0 |
| 008 |
250414s1979 xo dl frn 1000s eng |
| 015 |
|
|
|a SNBA1979/01
|
| 035 |
|
|
|a SNK000059772
|
| 040 |
|
|
|a SNK
|b slo
|c SNK
|e AACR2
|
| 041 |
0 |
|
|a eng
|a slo
|
| 044 |
|
|
|a xo
|c SK
|
| 080 |
|
|
|a 577.17(047.31)(08)=20
|2 1981
|
| 245 |
0 |
0 |
|a Hormones and Development
|b Proceeding of the International Symposium on Hormones in Development, Bratislava, July 14-16, 1979, the Satellite Symposium of the Vth Inthernational Congress
|c Ladislav Macho, Vladimír Štrbák ; [René Murat]
|
| 246 |
1 |
1 |
|a Vývoj hormónov
|
| 246 |
3 |
|
|a Proceeding of the International Symposium on Hormones in Development, Bratislava, July 14-16, 1979, the Satellite Symposium of the 5th Inthernational Congress
|
| 250 |
|
|
|a 1. vyd.
|
| 260 |
|
|
|a Bratislava
|b Veda
|c 1979
|e Nitra
|f Nitrianske tlačiarne
|
| 300 |
|
|
|a 544 s.
|b diagr., grafy, sch., tab.
|c 24 cm
|
| 366 |
|
|
|e 600 výt.
|
| 504 |
|
|
|a Obsahuje bibliografické odkazy
|
| 546 |
|
|
|a Súbežný názov v slovenčine
|
| 648 |
|
7 |
|a 1979
|2 SNKPH
|9 270213
|
| 650 |
0 |
7 |
|a hormóny
|2 SNKPH
|9 17006
|
| 655 |
|
7 |
|a prednášky
|2 SNKPH
|9 70554
|
| 655 |
|
7 |
|a zborníky konferencií
|2 SNKPH
|9 70153
|
| 700 |
1 |
|
|a Macho, Ladislav,
|d 1930-2024
|4 com
|9 118281
|
| 700 |
1 |
|
|a Štrbák, Vladimír,
|d 1943-
|4 com
|9 183911
|
| 700 |
1 |
|
|a Murat, René,
|d 1923-1993
|4 ill
|9 244908
|
| 852 |
|
|
|a Slovenská národná knižnica
|
| 958 |
|
|
|a NB
|
| 958 |
|
|
|a TL
|
| 958 |
|
|
|a OND
|
| 999 |
|
|
|c 793713
|d 795643
|
| 952 |
|
|
|a SNK
|b SNK
|y PREZ
|7 0
|p 17A0820532
|o snkSC 47444
|0 0
|1 0
|4 0
|d 2012-07-31
|l 0
|r 2025-10-29 00:00:00
|w 2026-02-24
|
| 952 |
|
|
|t P60, <04>, [BOOK], {604}
|a SNK
|b SNK
|y VYP
|7 0
|p 17A0170102
|o snkSC 47444 D1
|0 0
|1 0
|4 0
|d 1998-11-30
|l 0
|r 2004-12-31 00:00:00
|w 2026-02-24
|